Familia y trabajo: la reestructuración de las fronteras de género /
Đã lưu trong:
| Tác giả chính: | |
|---|---|
| Định dạng: | Texto |
| Những chủ đề: | |
| Các nhãn: |
Thêm thẻ
Không có thẻ, Là người đầu tiên thẻ bản ghi này!
|
MARC
| LEADER | 00000 a a2200000 04500 | ||
|---|---|---|---|
| 001 | 4290 | ||
| 003 | |||
| 040 | |||
| 100 | |a Wainerman, Catalina | ||
| 245 | |a Familia y trabajo: |b la reestructuración de las fronteras de género / |c Catalina Wainerman | ||
| 500 | |a El presente capítulo es una actualización hasta el año 2001 del capítulo que integra la antología Familia y Trabajo. Recreando relaciones de género, para publicarse en 2002/2003 por FCE-UNICEF | ||
| 650 | |a FAMILIA | ||
| 650 | |a TRABAJO | ||
| 650 | |a RECESION ECONOMICA | ||
| 650 | |a ROL DE LA MUJER | ||
| 650 | |a ROL MASCULINO | ||
| 650 | |a DESEMPLEO | ||
| 650 | |a ESTRUCTURA FAMILIAR | ||
| 650 | |a HORAS DE TRABAJO | ||
| 650 | |a INGRESO | ||
| 773 | |g número 53; páginas 35-70 | ||
| 999 | |c 24618 |d 24618 | ||
